000 00280nam a2200097Ia 4500
082 _ampl-13
245 0 _aBody talk : looking at biological evidence
100 _a BURNSCOTT, Leela South Yarra, 2009
_992105
942 _cBK
008 210817s9999 xx 000 0 und d
999 _c390189
_d390187